Normal view MARC view

Entry Nombre personal

Number of records used in: 3

001 - NÚMERO DE CONTROL

  • campo de control: 67114

003 - IDENTIFICADOR DE NÚMERO DE CONTROL

  • campo de control: SpMaBN

005 - FECHA Y HORA DE LA ÚLTIMA TRANSACCIÓN

  • campo de control: 20250830065352.0

008 - ELEMENTOS DE DATO DE LONGITUD-FIJA

  • campo de control de longitud fija: 901120nn aijnnaabn a aaa

016 ## - NÚMERO DE CONTROL DE UNA AGENCIA BIBLIOGRÁFICA NACIONAL

  • Número de control del registro: BNE19900411725

024 7# - IDENTIFICADOR DE OTROS ESTÁNDARES

  • Número estándar o código: http://viaf.org/viaf/62488155/
  • Fuente: viaf

024 7# - IDENTIFICADOR DE OTROS ESTÁNDARES

  • Número estándar o código: https://isni.org/isni/0000000109082098
  • Fuente: isni

024 7# - IDENTIFICADOR DE OTROS ESTÁNDARES

  • Número estándar o código: http://www.wikidata.org/entity/Q9016188
  • Fuente: wikidata

040 ## - FUENTE DE CATALOGACIÓN

  • Centro catalogador/agencia de origen: SpMaBN
  • Lengua de catalogación: spa
  • Centro/agencia transcriptor: SpMaBN
  • Normas de descripción: rdc
  • Convención/Normas de encabezamiento de materia/tesauro: embne

046 ## - FECHAS CON CODIFICACIÓN ESPECIAL

  • Fecha de nacimiento: 1548?
  • Fecha de la muerte: 1609
  • Fuente del esquema de fecha: edtf

100 0# - ENCABEZAMIENTO-NOMBRE DE PERSONA

  • Nombre de persona: Juan de los Ángeles
  • Títulos y otros términos asociados al nombre: (O.F.M.),
  • Fechas asociadas al nombre: 1536-1609

375 ## - GÉNERO/SEXO

  • Género: Masculino

377 ## - IDIOMA ASOCIADO

  • Código del idioma: spa
  • Término de lengua/lenguaje: Español

400 1# - TRAZADO DE VÉASE--NOMBRE DE PERSONA

  • Nombre de persona: Ángeles, Juan de los,
  • Fechas asociadas al nombre: 1536-1609

400 0# - TRAZADO DE VÉASE--NOMBRE DE PERSONA

  • Nombre de persona: Iuan de los Ángeles
  • Títulos y otros términos asociados al nombre: (O.F.M.),
  • Fechas asociadas al nombre: 1536-1609

400 1# - TRAZADO DE VÉASE--NOMBRE DE PERSONA

  • Nombre de persona: Martínez, Juan
  • Títulos y otros términos asociados al nombre: (O.F.M.),
  • Fechas asociadas al nombre: 1536-1609

400 0# - TRAZADO DE VÉASE--NOMBRE DE PERSONA

  • Nombre de persona: Johanes ab Angelis
  • Títulos y otros términos asociados al nombre: (O.F.M),
  • Fechas asociadas al nombre: 1536-1609

400 0# - TRAZADO DE VÉASE--NOMBRE DE PERSONA

  • Nombre de persona: Fray Juan de los Ángeles,
  • Fechas asociadas al nombre: 1536-1609

670 ## - FUENTE DE DATOS ENCONTRADOS

  • Cita de la fuente: Dios en lo íntimo del alma, 1989
  • Información encontrada: port. (Fray Juan de los Ángeles)

670 ## - FUENTE DE DATOS ENCONTRADOS

  • Cita de la fuente: Manual de vida perfecta, 1608
  • Información encontrada: port. (por Fray Iuan de los Ángeles, padre de los menores de regular observancia)

670 ## - FUENTE DE DATOS ENCONTRADOS

  • Cita de la fuente: Dic. de literatura española e hispanoamericana, 1993
  • Información encontrada: (Ángeles, Fray Juan de los (Oropesa, Toledo, h. 1536-Madrid, 1609); Franciscano reformado; su nombre era Juan Martínez)

670 ## - FUENTE DE DATOS ENCONTRADOS

  • Cita de la fuente: Enc. de la religión católica
  • Información encontrada: (Juan de los Ángeles; minorista franciscano (1536-1609); confesor de la emperatriz María, hermana de Felipe II, en las Descalzas Reales de Madrid)

670 ## - FUENTE DE DATOS ENCONTRADOS

  • Cita de la fuente: Jauralde, P. Diccionario filológico de literatura española, siglo XVI
  • Información encontrada: página 545 (Juan de los Ángeles, Fray)